000 00406nam a2200133Ia 4500
003 GCL
008 140319s9999 xx 000 0 ara d
040 _aGCL /
_cGCL
082 0 4 _a361
_bم م
100 1 _aمحمد سيد فهمى
245 1 0 _aمقدمة فى الخدمة الاجتماعية /
_cمحمد سيد فهمى
300 _a284 ص
490 _aالهيئة العامة للاستعلامات
_v0
999 _c49296
_d49296